000 00927cab a2200241 4500
001 ABS45503
008 090401t1991 xxu||||| |||| 00| 0 eng d
035 _a(Sirsi) u53439
041 _aeng
245 _aSurvival guide for surveyors
260 _c1991
350 _a0
490 _aChartered Surveyor Weekly
_v37(6) 7 November 1991, 26-27
520 _aDiscusses the findings of the Lay Committee`s report "Market requirements of the profession" which identifies the issues of a changing market and changing market demand patterns, how the profession should respond and the future role of the Institution. The second article starts the debate amongst members.
650 _aABOUT RICS-RICS MEMBERS
650 _aLAY COMMITTEE REPORT
650 _aPROFESSIONS
650 _aRESTRUCTURE
650 _aRICS
690 _aMANAGEMENT-BUSINESS MANAGEMENT-PROFESSIONAL PRACTICE
942 _n0
948 _c04/03/1997
999 _c32941
_d32941